Principles of genetics /

Bibliographic Details
Main Author: Snustad, D. Peter
Other Authors: Simmons, Michael J.
Format: Book
Language:English
Published: Hoboken, NJ : Wiley, c2006.
Edition:Fourth edition.
Subjects:
Classic Catalogue: View this record in Classic Catalogue
LEADER 01706nam a2200337 a 4500
001 00016990
003 BD-DhAAL
008 100516s2006 njua b 001 0 eng d
010 |a  2006271886 
020 |a 9780471725978 
020 |a 9780471699392 
020 |a 047169939X 
020 |a 0471725978 
040 |a DLC  |c DLC  |d DLC  |d BD-DhAAL 
082 0 0 |a 576.5  |2 23 
100 1 |a Snustad, D. Peter.  |9 40564 
245 1 0 |a Principles of genetics /  |c D. Peter Snustad, Michael J. Simmons. 
250 |a Fourth edition. 
260 |a Hoboken, NJ :  |b Wiley,  |c c2006. 
300 |a xx, 866 pages :  |b illustrations (chiefly colors) ;  |c 29 cm 
504 |a Includes bibliographical references (pages 800-805) and index. 
526 |a MNS  |x Iftekhar Mohammad Shafiqul Kalam Faculty member of Mathematics and Natural Sciences (MNS). 
541 1 |e 00016990  |a Paragon Enterprises LTD 
650 0 |a Genetics.  |9 40565 
650 0 |a Pharmacy.  |9 44767 
700 1 |a Simmons, Michael J.  |9 40566 
852 4 |a Ayesha Abed Library  |c General Stacks 
942 |2 ddc  |c BK 
999 |c 8557  |d 8557 
952 |0 0  |1 4  |2 ddc  |4 0  |6 575_100000000000000_GAR  |7 0  |9 837  |a BRACUL  |b BRACUL  |c GEN  |d 2009-05-20  |e Paragon Enterprises LTD  |g 2270.00  |l 0  |o 575.1 GAR  |p 3010016991  |r 2009-05-20  |t 2  |w 2009-05-20  |y BK  |x Koha Inventory 2020; Requisitioned by Iftekhar Mohammad Shafiqul Kalam, Faculty member of Mathematics and Natural Sciences (MNS). 
952 |0 0  |1 0  |2 ddc  |4 0  |6 576_500000000000000_SNU_2006  |7 0  |9 10168  |a BRACUL  |b BRACUL  |c GEN  |d 2010-05-16  |e Paragon Enterprises LTD  |g 2270.00  |l 30  |m 191  |o 576.5 SNU  |p 3010016990  |q 2026-05-21  |r 2026-03-29  |s 2026-03-29  |t 1  |w 2010-05-16  |y BK  |x Requisitioned by Iftekhar Mohammad Shafiqul Kalam, Faculty member of Mathematics and Natural Sciences (MNS).